[Event "Warsaw-ch opA 65th"]
[Site "Warsaw"]
[Date "2012.06.03"]
[Round "9"]
[White "Gluszko, Monika"]
[Black "Eggink, Mateusz"]
[Result "1-0"]
[WhiteElo "2057"]
[BlackElo "1999"]
[PlyCount "87"]
[EventDate "2012.05.26"]
[EventType "swiss"]
[EventRounds "9"]
[EventCountry "POL"]
[SourceTitle "CBM 148 Extra"]
[Source "ChessBase"]
[SourceDate "2012.06.22"]
[SourceVersion "1"]
[SourceVersionDate "2012.06.22"]
[SourceQuality "1"]

1. e4 e5 2. Nf3 Nf6 3. Nxe5 d6 4. Nf3 Nxe4 5. Nc3 Nxc3 6. dxc3 Be7 7. Bf4 Nd7 8. Qd2 Nc5 9. 0-0-0 Be6 10. Kb1 Qd7 11. Nd4 a6 12. Be2 0-0-0 13. Rhe1 g5 14. Be3 Ne4 15. Qc1 Rhg8 16. Nxe6 Qxe6 17. Bd3 d5 18. f3 Nd6 19. Bd4 Qd7 20. Bxh7 Rge8 21. g4 Kb8 22. Re2 Nc4 23. Rde1 Bd6 24. Qxg5 Qb5 25. b3 f6 26. Rxe8 Rxe8 27. Rxe8+ Qxe8 28. Qc1 Na3+ 29. Ka1 Qe2 30. Bxf6 Qxf3 31. g5 Bf4 32. Qg1 Be3 33. Qe1 b6 34. Kb2 Nb5 35. a4 Nd6 36. Qg3 Qe2 37. Bd4 Bd2 38. Qg1 c5 39. Bf6 Kb7 40. g6 Ne4 41. Be5 Be3 42. Qb1 Nd2 43. Qh1 Nf3 44. g7 1-0